Statistics for Country Flags with the Most of Each Colour

Click here to take the quiz!

General Stats

  • This quiz has been taken 163 times
  • The average score is 32 of 35

Answer Stats

Answer% Correct
China
100%
India
99%
Turkey
99%
Ireland
98%
Morocco
98%
Saudi Arabia
98%
Bangladesh
96%
Ukraine
96%
Ivory Coast
95%
Pakistan
95%
Bhutan
94%
Colombia
94%
Japan
94%
South Korea
94%
Vatican City
94%
Vietnam
94%
Belgium
93%
Cyprus
93%
Germany
93%
Israel
93%
Kazakhstan
93%
Ecuador
90%
Georgia
90%
Turkmenistan
89%
Zambia
88%
Kosovo
87%
Kyrgyzstan
87%
Somalia
87%
Angola
86%
Libya
86%
Nauru
86%
Niger
86%
Brunei
85%
Micronesia
85%
Papua New Guinea
84%

Score Distribution

Percentile by Number Answered

Percent of People with Each Score

Your Score History

You have not taken this quiz